书目信息 |
| 题名: |
绳编饰物
|
|
| 作者: | ;犀文图书 编著 | |
| 分册: | ||
| 出版信息: | 北京 中国纺织出版社 2012.01 |
|
| 页数: | 115页 | |
| 开本: | 21cm | |
| 丛书名: | ||
| 单 册: | ||
| 中图分类: | TS935.5 | |
| 科图分类: | ||
| 主题词: | 绳结--sheng jie--手工艺品--制作 , 绳结--sheng jie , 手工艺品--shou gong yi pin | |
| 电子资源: | ||
| ISBN: | 978-7-5064-7692-8 | |
| 000 | 00801nam0 2200265 450 | |
| 001 | 0106081746 | |
| 005 | 20201106082042.0 | |
| 010 | @a978-7-5064-7692-8@dCNY25.00 | |
| 100 | @a20120417e20202012em y0chiy50 ea | |
| 101 | 0 | @achi |
| 102 | @aCN@b110000 | |
| 105 | @aa z 000yy | |
| 106 | @ar | |
| 200 | 1 | @a绳编饰物@Asheng bian shi wu@f犀文图书编著 |
| 210 | @a北京@c中国纺织出版社@d2012.01@h2020.03 | |
| 215 | @a115页@c彩图@d21cm | |
| 300 | @a小手工大乐趣系列 | |
| 330 | @a本书融合了大量绳编的基本结法,介绍了一些经典作品的制作步骤。 | |
| 606 | 0 | @a绳结@Asheng jie@x手工艺品@x制作 |
| 606 | 0 | @a绳结@Asheng jie |
| 606 | 0 | @a手工艺品@Ashou gong yi pin |
| 690 | @aTS935.5@v5 | |
| 711 | 02 | @a犀文图书@Axi wen tu shu@4编著 |
| 801 | 0 | @aCN@bBJSZM@c20201106 |
| 905 | @b1190736-9@dTS935.5@e82@f4 | |
| 绳编饰物/犀文图书编著.-北京:中国纺织出版社,2012.01(2020.03) |
| 115页:彩图;21cm |
| 小手工大乐趣系列 |
| ISBN 978-7-5064-7692-8:CNY25.00 |
| 本书融合了大量绳编的基本结法,介绍了一些经典作品的制作步骤。 |
| ● |
| 相关链接 |
|
|
|
|
正题名:绳编饰物
索取号:TS935.5/82
 
预约/预借
| 序号 | 登录号 | 条形码 | 馆藏地/架位号 | 状态 | 备注 |
| 1 | 1190736 | 211907365 | 第二样本阅览室/ [索取号:TS935.5/82] | 在馆 | |
| 2 | 1190737 | 211907374 | 第三借阅区/ [索取号:TS935.5/82] | 在馆 | |
| 3 | 1190738 | 211907383 | 第三借阅区/ [索取号:TS935.5/82] | 在馆 | |
| 4 | 1190739 | 211907392 | 第三借阅区/ [索取号:TS935.5/82] | 在馆 |